00343nam a2200133Ia 4500008004100000020001500041041001200056082001600068100002100084245005200105260002500157300000800182650001900190221030s9999 xx 000 0 und d a8120314417 aEnglish a105.23bNar aR. Narayanaswamy 0aFinancial Accounting : A Managerial Perspective bPHIaNew Delhic2001 a564 aMCA Management